000 00895nam a22002897a 4500
003 CHAP
005 20220329140541.0
008 971013s1970 r 10010 d
010 _a53752
011 _a54724
035 _a58875
040 _cCHAP
082 _a641.1
_bW4
111 0 0 _aWhite House Conference on Food, Nutrition and Health. (
_d1970
_c: Washington)
_9121673
245 _aFinal report
260 _aWashington :
_bSuperintendent of Documents,
_c(1970)
300 _a341 p.
590 _aBATCH-UPD
_b10
_c20130110
_lUCH01
_h1756
590 _aBATCH-UPD
_b10
_c20130410
_lUCH01
_h1133
590 _aBATCH-UPD
_b10
_c20130914
_lUCH01
_h1843
590 _aCONVERSION
_b10
_c20130109
_lUCH01
_h1329
650 1 4 _aNutrición.
_982246
650 1 4 _aSalud pública.
_9101813
901 _aBK
942 _cLIBRO
949 _a641.1 W4
_bBC
_cLIBRO
_d33724000276564
_eLIBRO
_h41633
_i58875
_mD
_si
999 _c53752
_d53752